00596nam a2200169Ia 450000500170000000800410001702000150005808200130007310000190008624500390010526000420014430000130018650001110019994200060031095200950031699900150041120250321050104.0240331s9999 xx 000 0 und d a9555703256 bWIJa920 aWijesinghe,W.S 0aKiran Bedi ;man baya nee :ba dare aColombobSamaiyawarana bookshopc2004 a413 p ., aA book about Kiren bidi. a first women in India to join the leadership ranks of the Indian police service cL 001040708LaWERCLbWERCLcSSCd2024-03-31l0o 920 WIJp6068r2024-03-31w2024-03-31yL c5282d5282